|
|
|
|
| LEADER |
02219nam a2200289 i 4500 |
| 003 |
GR-PaULI |
| 005 |
20240221100446.0 |
| 008 |
220107s2005 gr g 000 f gre d |
| 952 |
|
|
|0 0
|1 0
|2 ddc
|4 0
|6 823_912000000000000_FOR
|7 1
|9 354008
|a LISP
|b LISP
|c DON
|d 2022-01-07
|e ΨΥΧ
|i 254407
|l 0
|o 823.912 FOR
|p 025000287883
|r 2022-01-07 00:00:00
|t 1
|w 2022-01-07
|y BKN
|
| 999 |
|
|
|c 207581
|d 207581
|
| 020 |
|
|
|a 960375966X
|
| 040 |
|
|
|a GR-PaULI
|b gre
|c GR-PaULI
|e AACR2
|
| 041 |
1 |
|
|h eng
|k gre
|
| 082 |
0 |
4 |
|a 823.912
|2 23
|
| 100 |
1 |
|
|9 81762
|a Forster, E. M.
|q (Edward Morgan),
|d 1879-1970,
|e συγγραφέας.
|
| 245 |
1 |
4 |
|a Ένα δωμάτιο με θέα /
|c Ε. Μ. Φόρστερ ; μετάφραση Ιωάννα Καρατζαφέρη.
|
| 260 |
|
|
|a [Αθήνα] :
|b Μεταίχμιο,
|c c2005.
|
| 300 |
|
|
|a 321 [7] σ. ;
|c 20 εκ.
|
| 490 |
1 |
|
|a Αριστουργήματα του 20ου αιώνα (Μεταίχμιο) :
|
| 500 |
|
|
|a Τυπώθηκε τον Ιούνιο του 2006 σε χαρτί Chamois 80 γραμμ., στο τυπογραφείο του Δημοσιένη Αργυρόπουλου. Ο καλλιτεχνικός σχεδιασμός της έκδοσης είναι του Espresso Studio. Η ηλεκτρονική σελιδοποίηση έγινε από το DTP των εκδόσεων Μεταίχμιο. Το ηλεκτρονικό μοντάζ και τα φιλμ ετοίμασε το τυπογραφείο των Κ. Πλέτσα και Ζ. Κάρδαρη. Η βιβλιοδεσία έγινε από τον Σεραφείμ Κοβάνη. Η φιλολογική επιμένεια είναι της Ιωάννας Ανδρέου. Το εξώφυλλο σχεδίασε η Χρύσα Συριάνογλου.
|
| 534 |
|
|
|k Τίτλος πρωτοτύπου: E. M. Forster, A room with a view, Penguin Books 2000.
|
| 650 |
|
4 |
|9 54970
|a Αγγλική λογοτεχνία
|x Μεταφράσεις στα ελληνικά
|
| 700 |
1 |
|
|a Καρατζαφέρη, Ιωάννα,
|d 1929-
|e συγγραφέας.
|9 55190
|
| 765 |
|
|
|t A room with a view.
|
| 830 |
|
|
|9 186604
|a Αριστουργήματα του 20ού αιώνα (Μεταίχμιο)
|
| 942 |
|
|
|2 ddc
|c BK
|
| 998 |
|
|
|c Σαλαμούρα
|d 2022-01
|